[Event "Nordkalotten Rapid Gr-2"]
[Site "Gilleleje"]
[Date "2022.11.06"]
[Round "4"]
[White "Andersen, Peter Vestergaard"]
[Black "Skovgaard, Ib"]
[Result "0-1"]
[WhiteElo "1766"]
[BlackElo "1802"]
[PlyCount "82"]
[EventDate "2022.11.06"]
[EventType "tourn (rapid)"]
[EventRounds "7"]
[EventCountry "DEN"]
[SourceTitle "EXT 2024"]
[Source "ChessBase"]
[SourceDate "2023.10.10"]
[SourceVersion "1"]
[SourceVersionDate "2023.10.10"]
[SourceQuality "1"]

1. e4 Nf6 2. e5 Nd5 3. d4 d6 4. c4 Nb6 5. exd6 cxd6 6. Nf3 g6 7. Bd3 Bg7 8. 0-0 0-0 9. Be3 Bg4 10. h3 Bxf3 11. Qxf3 d5 12. cxd5 Nxd5 13. Nc3 e6 14. Be4 Nc6 15. Nxd5 exd5 16. Bxd5 Nxd4 17. Bxd4 Bxd4 18. Rad1 Qb6 19. b3 Rad8 20. Bxb7 Bxf2+ 21. Rxf2 Rxd1+ 22. Qxd1 Qxb7 23. Rd2 Qc7 24. Rd7 Qc5+ 25. Qd4 Qxd4+ 26. Rxd4 Rc8 27. Rd7 a5 28. Rd5 Rc1+ 29. Kh2 a4 30. Rd4 axb3 31. axb3 Rb1 32. Rb4 h5 33. Rb8+ Kg7 34. b4 h4 35. b5 g5 36. b6 f5 37. Rb7+ Kg6 38. Rb8 g4 39. hxg4 fxg4 40. Rg8+ Kf5 41. Rh8 g3+ 0-1

[Event "DEN-chT 0708"]
[Site "Denmark"]
[Date "2008.01.13"]
[Round "5.8"]
[White "Andersson, Bjorn"]
[Black "Andersen, Peter Vestergaard"]
[Result "1-0"]
[WhiteElo "2280"]
[BlackElo "1913"]
[PlyCount "95"]
[EventDate "2007.11.10"]
[EventType "team-tourn"]
[EventRounds "9"]
[EventCountry "DEN"]
[SourceTitle "EXT 2023"]
[Source "ChessBase"]
[SourceDate "2022.10.05"]
[SourceVersion "1"]
[SourceVersionDate "2022.10.05"]
[SourceQuality "1"]
[WhiteTeam "Helsinge"]
[BlackTeam "Nordkalotten"]
[WhiteTeamCountry "DEN"]
[BlackTeamCountry "DEN"]

1. e4 e6 2. d4 d5 3. e5 c5 4. c3 Nc6 5. Nf3 Bd7 6. a3 c4 7. Be2 Qc7 8. 0-0 Na5 9. Nbd2 Ne7 10. Rb1 Nc8 11. Ne1 Nb6 12. Bg4 Ba4 13. Qe2 0-0-0 14. f4 g6 15. Ndf3 h5 16. Bh3 Bh6 17. Ng5 Rde8 18. Be3 Kb8 19. Bf2 Nc8 20. Bh4 a6 21. g3 Nc6 22. Ng2 Nd8 23. Ne3 Ne7 24. Nxf7 Nxf7 25. Bxe6 Nd8 26. Bxe7 Qxe7 27. Bxd5 h4 28. g4 Ref8 29. g5 Bg7 30. Be4 Ne6 31. Nd5 Qd8 32. Nf6 Bxf6 33. gxf6 Bb5 34. d5 Nc5 35. h3 Nxe4 36. Qxe4 Rhg8 37. Kh2 Qe8 38. e6 Rh8 39. Rg1 Rh6 40. Qe5+ Ka8 41. Rbe1 Rh5 42. Rg5 Rxg5 43. fxg5 Qc8 44. e7 Re8 45. f7 Qc5 46. Rf1 Qxe7 47. fxe8Q+ Qxe8 48. Qxe8+ 1-0

[Event "DEN-chT 0506"]
[Site "Denmark"]
[Date "2005.11.20"]
[Round "3.8"]
[White "Leyni, Ian"]
[Black "Andersen, Peter Vestergaard"]
[Result "1/2-1/2"]
[WhiteElo "1858"]
[BlackElo "1949"]
[PlyCount "67"]
[EventDate "2005.11.05"]
[EventType "team-tourn"]
[EventRounds "9"]
[EventCountry "DEN"]
[SourceTitle "EXT 2023"]
[Source "ChessBase"]
[SourceDate "2022.10.05"]
[SourceVersion "1"]
[SourceVersionDate "2022.10.05"]
[SourceQuality "1"]
[WhiteTeam "Foroyar"]
[BlackTeam "Nordkalotten"]
[WhiteTeamCountry "DEN"]
[BlackTeamCountry "DEN"]

1. d4 d5 2. c4 dxc4 3. e3 Nf6 4. Bxc4 e6 5. Nf3 c5 6. 0-0 Be7 7. Nc3 a6 8. a4 0-0 9. Qe2 b6 10. Rd1 Qc7 11. d5 exd5 12. Nxd5 Nxd5 13. Bxd5 Bb7 14. Bxb7 Qxb7 15. b3 Bf6 16. Bb2 Bxb2 17. Qxb2 Nc6 18. Rd6 Rfd8 19. Rad1 Qc7 20. Rxd8+ Rxd8 21. Rxd8+ Qxd8 22. Qd2 Qxd2 23. Nxd2 Na5 24. Kf1 b5 25. axb5 axb5 26. Ke2 f6 27. Kd3 Kf7 28. Kc3 Nb7 29. Kd3 Ke6 30. g4 Na5 31. Kc3 Nc6 32. f4 Kd5 33. e4+ Ke6 34. Nf3 1/2-1/2